अस्मिता विमर्श और हिन्दी साहित्य/ (Record no. 208312)

MARC details
000 -LEADER
fixed length control field 00922nam a22001937a 4500
005 - DATE AND TIME OF LATEST TRANSACTION
control field 20250109160432.0
010 ## - LCCN (DPL NO)
LC control number B-761609
020 ## - INTERNATIONAL STANDARD BOOK NUMBER
International Standard Book Number 9789391881559
Terms of availability 795.00
035 ## - SYSTEM CONTROL NUMBER
System control number B-761609
037 ## - SOURCE OF ACQUISITION
Source of stock number/acquisition उपहार
082 ## - DEWEY DECIMAL CLASSIFICATION NUMBER
Classification number 808.88
245 ## - TITLE STATEMENT
Title अस्मिता विमर्श और हिन्दी साहित्य/
Statement of responsibility, etc रमा द्वारा संपादित
260 ## - PUBLICATION, DISTRIBUTION, ETC. (IMPRINT)
Place of publication, distribution, etc दिल्ली
Name of publisher, distributor, etc अनंग प्रकाशन
Date of publication, distribution, etc 2023
270 ## - ADDRESS
Address बी-107/1, गली मंदिर वाली, समीप रबड़ फैक्ट्री, घोंडा
City दिल्ली
Telephone number 9350563707
Postal code 110053
Electronic mail address anangprashan@gmail.com
300 ## - PHYSICAL DESCRIPTION
Extent 255 पृ
Dimensions 22 सेमी(सजिल्द)
700 ## - ADDED ENTRY--PERSONAL NAME
Personal name रमा
9 (RLIN) 76275
942 ## - ADDED ENTRY ELEMENTS (KOHA)
Source of classification or shelving scheme Dewey Decimal Classification
Item type Hindi Books
Call number suffix अस्मिता
Classification part 808.88
Holdings
Withdrawn status Lost status Not for loan Collection code Home library Current library Date acquired Source of acquisition Cost, normal purchase price Full call number Barcode Copy number Cost, replacement price Koha item type Public note
      Non-fiction RC3 Shakur Pur RC3 Shakur Pur 09/01/2025 उपहार /06/01/2025 795.00 अस्मिता 808.88 B-761609 1 795.00 Hindi Books उपहार

© Delhi Public Library
Hit Counter
free hit counter